Detalles MARC
| 000 -CABECERA |
| campo de control de longitud fija |
00827cam a2200241 a 4500 |
| 001 - NÚMERO DE CONTROL |
| campo de control |
000002780 |
| 005 - FECHA Y HORA DE LA ÚLTIMA TRANSACCIÓN |
| campo de control |
20200929150244.0 |
| 008 - DATOS DE LONGITUD FIJA--INFORMACIÓN GENERAL |
| campo de control de longitud fija |
000828r1999 ck a b 001 p spa |
| 020 ## - NÚMERO INTERNACIONAL ESTÁNDAR DEL LIBRO |
| Número Internacional Estándar del Libro |
9582003529 |
| 020 ## - NÚMERO INTERNACIONAL ESTÁNDAR DEL LIBRO |
| Número Internacional Estándar del Libro |
9582000503 |
| 040 ## - FUENTE DE LA CATALOGACIÓN |
| Centro catalogador/agencia de origen |
DO-SdBNP |
| Lengua de catalogación |
spa |
| Centro/agencia transcriptor |
BNPHU |
| 082 ## - NÚMERO DE LA CLASIFICACIÓN DECIMAL DEWEY |
| Número de clasificación |
371.3 |
| Número de documento/Ítem |
A573e |
| 100 1# - ENTRADA PRINCIPAL--NOMBRE DE PERSONA |
| Nombre de persona |
Andricaín, Sergio, |
| Fechas asociadas al nombre |
1956- |
| 9 (RLIN) |
8764 |
| 245 10 - MENCIÓN DE TÍTULO |
| Título |
Escuela y poesía : |
| Resto del título |
¿ y qué hago con el poema? / |
| Mención de responsabilidad, etc. |
Sergio Andricaín y Antonio Orlando Rodríguez. |
| 260 ## - PUBLICACIÓN, DISTRIBUCIÓN, ETC. |
| Lugar de publicación, distribución, etc. |
Bogotá : |
| Nombre del editor, distribuidor, etc. |
Magisterio, |
| Fecha de publicación, distribución, etc. |
1999. |
| 300 ## - DESCRIPCIÓN FÍSICA |
| Extensión |
157 p. : |
| Otras características físicas |
il. ; |
| Dimensiones |
21 cm. |
| 440 #0 - MENCIÓN DE SERIE/PUNTO DE ACCESO ADICIONAL--TÍTULO |
| Título |
Mesa redonda ; |
| Designación de volumen o secuencia |
59 |
| 9 (RLIN) |
8765 |
| 504 ## - NOTA DE BIBLIOGRAFÍA, ETC. |
| Nota de bibliografía, etc. |
Incluye referencias bibliográficas (p. 143-152). |
| 650 #4 - PUNTO DE ACCESO ADICIONAL DE MATERIA--TÉRMINO DE MATERIA |
| Término de materia o nombre geográfico como elemento de entrada |
Poesía hispanoamericana |
| Subdivisión general |
Enseñanza |
| 9 (RLIN) |
8766 |
| 650 #4 - PUNTO DE ACCESO ADICIONAL DE MATERIA--TÉRMINO DE MATERIA |
| Término de materia o nombre geográfico como elemento de entrada |
Arte de escribir poesía |
| 9 (RLIN) |
8767 |
| 700 1# - PUNTO DE ACCESO ADICIONAL--NOMBRE DE PERSONA |
| Nombre de persona |
Rodríguez, Antonio Orlando, |
| Fechas asociadas al nombre |
1956- |
| 9 (RLIN) |
8768 |
| 910 ## - DATOS DE OPCIÓN DEL USUARIO (OCLC) |
| Datos de opción del usuario |
En proceso |